| 000 | 00360nam a2200145Ia 4500 | ||
|---|---|---|---|
| 008 | 240624s9999 xx 000 0 und d | ||
| 041 | _aeng | ||
| 082 | _a658.8 BRA | ||
| 100 | _aBRASSINGTON FRANCES | ||
| 245 | _aESSENTIALS OF MARKETING | ||
| 250 | _a(3rd ed.) | ||
| 260 |
_c2013 _aLondon _bPearson |
||
| 300 | _aix, : 608 : p. : cm. ; 25 | ||
| 365 |
_cBPS _b30 |
||
| 999 |
_c22961 _d22961 |
||